Implementation Of Competency-based Curriculum In Developing Economies : (Record no. 31834)

000 -LEADER
fixed length control field 00566nam a22001697a 4500
008 - FIXED-LENGTH DATA ELEMENTS--GENERAL INFORMATION
fixed length control field 230809b |||||||| |||| 00| 0 eng d
020 ## - INTERNATIONAL STANDARD BOOK NUMBER
International Standard Book Number 9783659502491
050 ## - LIBRARY OF CONGRESS CALL NUMBER
Classification number LA 217 .M75 2014
100 ## - MAIN ENTRY--PERSONAL NAME
Personal name Mtitu, Evaristo
245 ## - TITLE STATEMENT
Title Implementation Of Competency-based Curriculum In Developing Economies :
Remainder of title Linking Theories And Practice /
250 ## - EDITION STATEMENT
Edition statement 1st ed.
260 ## - PUBLICATION, DISTRIBUTION, ETC. (IMPRINT)
Place of publication, distribution, etc. Germany:
Name of publisher, distributor, etc. LAP LAMBERT,
Date of publication, distribution, etc. 2014.
300 ## - PHYSICAL DESCRIPTION
Extent vii, 275p. ;
Other physical details ill. ;
Dimensions 22 cm
500 ## - GENERAL NOTE
General note includes references.
650 ## - SUBJECT ADDED ENTRY--TOPICAL TERM
Source of heading or term Education
942 ## - ADDED ENTRY ELEMENTS (KOHA)
Source of classification or shelving scheme
Koha item type Hard Covered Materials
Classification part LA 217 .M75 2014
Holdings
Withdrawn status Lost status Source of classification or shelving scheme Damaged status Not for loan Home library Current library Shelving location Date acquired Source of acquisition Total Checkouts Full call number Barcode Date last seen Price effective from Koha item type
          MACHAKOS UNIVERSITY LIBRARY MACHAKOS UNIVERSITY LIBRARY Open shelf 09/08/2023 Urban book center   LA 217 .M75 2014 39636 09/08/2023 09/08/2023 Hard Covered Materials
© Machakos University Library, Along The Highway, Machakos Wote Rd, Machakos, Kenya P.O. Box 136 - 90100 Machakos - Kenya

Tel: ( +254 ) 723 805829 OR Fax : 044-20353 OR Email: library@mksu.ac.ke